A Mat Erial Life Malcolm Holzman Faia Adventures and Descoveries in Materials Research (Record no. 3933)

000 -LEADER
fixed length control field 00337nam a2200109Ia 4500
008 - FIXED-LENGTH DATA ELEMENTS--GENERAL INFORMATION
fixed length control field 200302s9999 xx 000 0 und d
100 ## - MAIN ENTRY--PERSONAL NAME
Personal name Debra Waters
245 ## - TITLE STATEMENT
Title A Mat Erial Life Malcolm Holzman Faia Adventures and Descoveries in Materials Research
260 ## - PUBLICATION, DISTRIBUTION, ETC.
Name of publisher, distributor, etc. The Images Publishing Group Pvt. Ltd.
260 ## - PUBLICATION, DISTRIBUTION, ETC.
Date of publication, distribution, etc. 2008
300 ## - PHYSICAL DESCRIPTION
Extent 228 P.,
Holdings
Withdrawn status Lost status Damaged status Not for loan Permanent Location Current Location Date acquired Cost, normal purchase price Full call number Barcode Date last seen Price effective from Koha item type
        BMS College of Architecture, Design and Planning BMS College of Architecture, Design and Planning 2020-03-03 4589.00 728.28 CL-UG68897 2020-03-03 2020-03-03 UG Books from CL
Copyright © 2025, The Librarian, Library and Information Centre, BMSCA D&P, Bengaluru. All Rights Reserved
web counter

Powered by Koha